000 00324nam a2200133Ia 4500
008 190216s9999||||xx |||||||||||||| ||und||
100 _aJohn A. Thorpe
245 0 _aElementary Topics In Different Geometry
250 _a4th Ed.
260 _bSpringer Verlag
_c1994
300 _a255
650 _aMathematics
942 _cBK
999 _c31537
_d31537